000 00697nam a2200241Ia 4500
003 GCL
008 140319s9999 xx 000 0 ara d
040 _aGCL /
_cGCL
082 0 4 _a811.009
_bك ز
100 1 _aكريمة زكى مبارك
245 1 0 _aزكى مبارك ونقد الشعر /
_cكريمة زكى مبارك
260 _a[S.N] :
_bالزهراء للاعلام العربى ،
_c1987
300 _a212 ص
490 _a
650 0 4 _aالشعر العربى
650 0 4 _aالعصر الحديث
650 0 4 _aمصر
650 0 4 _aالشعراء العرب
650 0 4 _aالشعر
650 0 4 _aالشعراء
650 0 4 _aتاريخ ونقد
942 _2ddc
_cBK
999 _c29363
_d29363